| 000 | 00521nam a22001817a 4500 | ||
|---|---|---|---|
| 999 |
_c526301 _d526301 |
||
| 003 | NUST | ||
| 020 | _qHBK | ||
| 038 | _aFaiza | ||
| 082 |
_a891.421 _bBIS |
||
| 100 |
_aBismil, Ghulam Mustafa _917279 |
||
| 245 |
_aBela Peran da / _cGhulam Mustafa Bismil |
||
| 260 |
_aLahore : _bRiaz Raji, _c1980. |
||
| 300 | _a112 p. ; | ||
| 880 |
_6100-01\r _aغلام مصطفیٰ بِسمل |
||
| 880 |
_6245-02\r _aبیلا پیڑاں دا / |
||
| 880 |
_6260-03\r _aلاہور : _bریاض راجی, _c۱۹۸۰. |
||
| 942 |
_2ddc _cBK |
||